Detalles MARC
| 000 -ENCABEZADO |
| Número de control [NR] |
02651nam a2200325Ia 4500 |
| 005 - FECHA Y HORA DE LA ÚLTIMA TRANSACCIÓN |
| control field |
20140429112244.0 |
| 008 - DE LONGITUD FIJA DE DATOS DE ELEMENTOS - INFORMACIÓN GENERAL |
| Elementos de longitud fija [NR] |
130821s19571995xxu g q mlmul d |
| 040 ## - FUENTE DE CATALOGACION [NR] |
| Agencia de catalogación original [NR] |
CO-BoUCM |
| Idioma de catalogación [NR] |
spa |
| Quien Cataloga |
|
| Quien Clasifica |
Aldemar Mondragón |
| 041 ## - CODIGO DE IDIOMA [R] |
| Código de idioma para texto/pista de sonido o título separado [R] |
Inglés |
| 041 ## - CODIGO DE IDIOMA [R] |
| Código de idioma para texto/pista de sonido o título separado [R] |
Español |
| 092 ## - SIGNATURA TOPOGRAFICA LOCAL |
| Número de clasificación local |
DVD 0020 |
| 245 03 - MENCION DE TITULO [NR] |
| Título [NR] |
El puente sobre el río Kwai |
| Mención de responsabilidad, etc. [NR] |
David Lean, director |
| Medio físico [NR] |
[DVD] |
| 246 13 - FORMA VARIANTE DEL TITULO [R] |
| Título propiamente dicho/forma breve del título [NR] |
A ponte do rio kwai |
| 260 ## - PUBLICACION, DISTRIBUCION, ETC. (PIE DE IMPRENTA) [R] |
| Lugar de publicación, distribución, etc. [R] |
Washington D.C. (Estados Unidos) |
| Nombre del editor, distribuidor, etc. [R] |
Columbia Pictures |
| Fecha de publicación, distribución, etc. [R] |
1957 |
| 300 ## - DESCRIPCION FISICA [R] |
| Extensión [R] |
2 DVD, 156 minutos |
| Otros detalles físicos [NR] |
sonido, imagen, color |
| 500 ## - NOTA GENERAL [R] |
| Nota general [NR] |
SINOPSIS: La película trata sobre la situación de los prisioneros de guerra británicos durante la Segunda Guerra Mundial. Su instinto es sabotear un puente en construcción pero, bajo el liderazgo del coronel Nicholson, son persuadidos de que el puente debe ser construido como un símbolo de la moral británica, el espíritu y la dignidad en circunstancias adversas. Al principio, los prisioneros admiran a Nicholson cuando valientemente resiste la tortura en lugar de comprometer sus principios para el beneficio del comandante japonés Saito. Él es un hombre honorable pero arrogante, que se revela poco a poco a ser un obsesivo y engañoso. Se convence a sí mismo de que el puente es un monumento al carácter británico, pero en realidad es un monumento a sí mismo, y su insistencia en su construcción se convierte en una forma sutil de colaboración con el enemigo |
| 508 ## - NOTA DE CREDITOS DE CREACION/PRODUCCION [R] |
| Nota de créditos de creación/producción [NR] |
CRÉDITOS: Dirigida por David Lean ; guion por Michael Wilson ; producida por Sam Spiegel ; música por Malcolm Arnold ; fotografía por Jack Hildyard ; maquillaje por Stuart Freeborn y George Partleton |
| 511 0# - NOTA DE PARTICIPANTE O INTERPRETE [R] |
| Nota de participante o intérprete [NR] |
REPARTO: William Holden, Alec Guinness, Jack Hawkins, Sessue Hayakawa, James Donald, Geoffrey Horne, André Morell, Peter Williams, John Boxer, Percy Herbert, Harold Goodwin |
| 546 ## - NOTA DE IDIOMA [R] |
| Nota de idioma [NR] |
Audio en inglés, francés, portugués y español. Subtítulos en inglés, francés, portugués, español, chino, coreano y tailandés |
| 586 ## - NOTA DE PREMIOS [R] |
| Nota de premios [NR] |
Ganadora de siete premios de la Academia (mejor fotografía, actor principal, director, guion, pelicula, edición, música) |
| 650 04 - ASIENTO SECUNDARIO DE MATERIA - TERMINO TEMATICO [R] |
| Término temático o nombre geográfico como elemento de entrada [NR] |
Películas cinematográficas |
| Subdivisión de forma [R] |
DVD |
| 9 (RLIN) |
7903 |
| 650 04 - ASIENTO SECUNDARIO DE MATERIA - TERMINO TEMATICO [R] |
| Término temático o nombre geográfico como elemento de entrada [NR] |
Películas de acción |
| Subdivisión de forma [R] |
DVD |
| 9 (RLIN) |
51342 |
| 690 ## - ASUNTO AGREGADO LOCAL DE ENTRADA - TÉRMINO TEMÁTICO (OCLC, RLIN) |
| 9 (RLIN) |
42805 |
| Acceso temático local |
Entretenimiento |
| 700 1# - ASIENTO SECUNDARIO - NOMBRE PERSONAL [R] |
| Nombre personal [NR] |
Lean, David. |
| Término de relación [R] |
director |
| 9 (RLIN) |
56399 |
| 710 2# - ASIENTO SECUNDARIO - NOMBRE CORPORATIVO [R] |
| Nombre corporativo o de jurisdicción como elemento de entrada [NR] |
Columbia Pictures |
| 9 (RLIN) |
51621 |
| 710 2# - ASIENTO SECUNDARIO - NOMBRE CORPORATIVO [R] |
| Nombre corporativo o de jurisdicción como elemento de entrada [NR] |
Horizon Pictures |
| 9 (RLIN) |
51869 |
| 765 0# - ASIENTO DE IDIOMA ORIGINAL [R] |
| Título [NR] |
The Bridge on the River Kwai |
| 856 40 - LOCALIZACION Y ACCESO ELECTRONICOS [R] |
| Identificador Uniforme del Recurso (“URI”) [R] |
<a href="http://www.youtube.com/watch?v=t5hZ4Xv5VjE">http://www.youtube.com/watch?v=t5hZ4Xv5VjE</a> |
| Nota dirigida al público [R] |
Siga este enlace para ver el trailer |
| -- |
Trailer tomado del canal SonyPicturesDVD vía YouTube.com |
| 942 ## - ELEMENTOS DE ENTRADA AGREGADOS (KOHA) |
| Koha item type |
Multimedia |
| Source of classification or shelving scheme |
LOCAL |
| Tema principal |
Entretenimiento |
| Edition |
1 |
| Classification part |
DVD 0020 |